Možnosti kozmetických výrobkov pri ochrane kože pred škodlivinami životného prostredia

Guardado en:
Detalles Bibliográficos
Autor principal: Rybárik, Marek (Autor)
Otros Autores: Hojerová, Jarmila (Orientador)
Formato: Manuscrito Libro
Lenguaje:eslovaco
Publicado: 2021
Materias:
Acceso en línea:http://is.stuba.sk/zp/portal_zp.pl?podrobnosti=148891
Etiquetas: Agregar Etiqueta
Sin Etiquetas, Sea el primero en etiquetar este registro!

MARC

LEADER 00000ntm a22000003a 4500
001 stuzp83842
003 SK-STU
005 20210626211111.3
007 ta
008 150427s2015----xo-----f-mn---000-0-slo-d
040 |a STU  |b slo 
041 0 |a slo 
100 1 |a Rybárik, Marek  |u 040250  |4 aut  |U FCHPT Ústav potravinárstva a výživy  |T FCHPT Oddelenie potravinárskej technológie  |X 97368  |U C0250  |Y 685  |7 97368 
242 0 1 |a 74/5000 Possibilities of cosmetic products in protecting the skin from environmental pollutants  |y eng 
245 1 0 |a Možnosti kozmetických výrobkov pri ochrane kože pred škodlivinami životného prostredia 
260 |c 2021 
650 4 |a proti modrému svetlu  |2 slo 
650 4 |a znečisťujúce látky v životnom prostredí  |2 slo 
650 4 |a proti znečisťovaniu  |2 slo 
650 4 |a pevné častice  |2 slo 
650 4 |a ozón  |2 slo 
650 4 |a mestská kozmetika  |2 slo 
650 4 |a anti-pollution  |2 eng 
650 4 |a particulate matter  |2 eng 
650 4 |a ozone  |2 eng 
650 4 |a anti-blue light  |2 eng 
650 4 |a enviromental pollutants  |2 eng 
650 4 |a urban cosmetics  |2 eng 
700 1 |a Hojerová, Jarmila  |u 040250  |k Z1  |4 ths  |U FCHPT Ústav potravinárstva a výživy  |T FCHPT Oddelenie potravinárskej technológie  |X 3324  |U C0250  |Y 685  |7 A000003324 
856 4 |u http://is.stuba.sk/zp/portal_zp.pl?podrobnosti=148891